000
00320nam a2200133Ia 4500
999
_c
910
_d
910
020
_a
81-7041-034-7
082
_a
RR 004.03 NAR-;
100
_a
Narang, Madan L.
245
0
_a
Dictionary of computers
260
_a
New Delhi
_b
Anmol Publications
_c
1987
300
_a
274p.
650
_a
Computers - Dictionaries
942
_c
BK